Normal view
MARC view
Entry Personal Name
001 - CONTROL NUMBER
- control field: 28581
003 - CONTROL NUMBER IDENTIFIER
- control field: IT-RoPau
005 - DATE AND TIME OF LATEST TRANSACTION
- control field: 20140607221928.0
008 - FIXED-LENGTH DATA ELEMENTS
- fixed length control field: 140607|| aca||aabn | a|a d
040 ## - CATALOGING SOURCE
- Original cataloging agency: IT-RoPau
- Transcribing agency: IT-RoPau
100 ## - HEADING--PERSONAL NAME
- Personal name:
- Miscellaneous information: Codice autore testo SPICS: 6619
670 ## - SOURCE DATA FOUND
- Source citation: Work cat.: (IT-RoPau)102936: Fiorelli Piero 28579, Corso di pronunzia italiana